|
|
|
|
| LEADER |
00000cam a2200000 i 4500 |
| 001 |
1/21981 |
| 008 |
060117s2005 gr | ||| |||| ||gre|| |
| 020 |
|
|
|a 9604103903
|
| 035 |
|
|
|l 10082021
|
| 040 |
|
|
|a GR-MyUa
|b gre
|e AACR2
|
| 041 |
1 |
|
|a gre
|h tur
|
| 082 |
7 |
|
|a 914.9618
|2 (22)
|
| 100 |
1 |
|
|a Pamuk, Orhan,
|d 1952-
|
| 245 |
1 |
0 |
|a Ιστανμπούλ :
|b πόλη και αναμνήσεις /
|c Όρχαν Παμούκ ; μετάφραση Στέλλα Βρετού.
|
| 260 |
|
|
|a Αθήνα :
|b Ωκεανίδα,
|c 2005.
|
| 300 |
|
|
|a 589 σ. :
|b εικ. ;
|c 21 εκ.
|
| 500 |
|
|
|a Τίτλος πρωτοτύπου: Istanbul : hativalar ve sehir.
|
| 650 |
|
0 |
|a Authors, Turkish
|y 20th century
|v Biography.
|
| 651 |
|
0 |
|a Istanbul (Turkey)
|x Description and travel.
|
| 852 |
|
|
|a INST
|b LESVOS
|e 20130117
|h 894 PAM
|p 005100052070
|q 005100052070
|t BK
|y 0
|
| 852 |
|
|
|a INST
|b SAMOS
|e 20070919
|h 949.61803092 PAM
|p 005300026969
|q 005300026969
|t BK
|y 0
|
| 852 |
|
|
|a INST
|b SYROS
|e 20060117
|h 914.9618 PAM
|p 005500004996
|q 005500004996
|t BK
|y 0
|
| 901 |
|
|
|a BIBL3-2007-3
|
| 901 |
|
|
|a BIBL5-2006-1
|
| 901 |
|
|
|a BIBL1-2013-1
|
| 922 |
|
|
|a 3ΕΛΗ
|b 200708
|c ΕΠΕΑΕΚ2/Τμήμα Μαθηματικών
|d Πατάκης
|
| 922 |
|
|
|a 5ΕΛΗ
|b 200511
|c Βιβλιοθήκη Σύρου
|d Σελεφαΐς
|
| 922 |
|
|
|a 1ΕΛΗ
|b 201301
|c Βιβλιοθήκη Λέσβου
|
| 970 |
|
|
|a Κοντού
|b Παρασκευή
|z 18/01/2006
|